Production planning and control in semiconductor manufacturing : (Record no. 171935)

MARC details
000 -LEADER
fixed length control field 00911nam a22002417a 4500
003 - CONTROL NUMBER IDENTIFIER
control field OSt
005 - DATE AND TIME OF LATEST TRANSACTION
control field 20250612093608.0
008 - FIXED-LENGTH DATA ELEMENTS--GENERAL INFORMATION
fixed length control field 250603b |||||||| |||| 00| 0 eng d
020 ## - INTERNATIONAL STANDARD BOOK NUMBER
International Standard Book Number 9783031140648 (paperback)
040 ## - CATALOGING SOURCE
Original cataloging agency NUST
Language of cataloging eng
Transcribing agency NUST
Modifying agency NUST
Description conventions rda
050 ## - LIBRARY OF CONGRESS CALL NUMBER
Classification number TK3201 CHE
100 ## - MAIN ENTRY--PERSONAL NAME
Personal name Chen, Tin-Chih Toly
Relator term Author
245 ## - TITLE STATEMENT
Title Production planning and control in semiconductor manufacturing :
Remainder of title big data analysis and industry 4.0 applications /
Statement of responsibility, etc. Tin-Chi Toly Chen.
260 ## - PUBLICATION, DISTRIBUTION, ETC.
Place of publication, distribution, etc. Taiwan :
Name of publisher, distributor, etc. Springer,
Date of publication, distribution, etc. 2023.
300 ## - PHYSICAL DESCRIPTION
Extent vi, 100 pages :
Other physical details Illustrations ;
Dimensions 22 cm.
336 ## - CONTENT TYPE
Source rdamedia
Content type term text
Content type code txt
337 ## - MEDIA TYPE
Source rdamedia
Media type term unmediated
Media type code n
338 ## - CARRIER TYPE
Source rdamedia
Carrier type term volume
Carrier type code nc
504 ## - BIBLIOGRAPHY, ETC. NOTE
Bibliography, etc. note Includes bibliographical references.
650 ## - SUBJECT ADDED ENTRY--TOPICAL TERM
Form subdivision Technology electrical engineering.
650 ## - SUBJECT ADDED ENTRY--TOPICAL TERM
Form subdivision Distribution or transmission of electric power
942 ## - ADDED ENTRY ELEMENTS (KOHA)
Source of classification or shelving scheme Library of Congress Classification
Koha item type Ordinary Loan Books
Classification part TK3201 CHE
Call number prefix TK
Call number suffix CHE
Suppress in OPAC No
Holdings
Withdrawn status Lost status Source of classification or shelving scheme Damaged status Not for loan Collection Home library Current library Shelving location Date acquired Source of acquisition Cost, normal purchase price Total Checkouts Full call number Barcode Date last seen Accession number Cost, replacement price Price effective from Koha item type Public note
    LCC     NFIC MAIN MAIN GEN 06/03/2025 Book Aid International 59.00   TK3201 CHE 92004054435 06/03/2025 61840 59.00 06/03/2025 BOOKS Donation
    LCC     NFIC MAIN MAIN GEN 06/03/2025 Book Aid International 59.00   TK3201 CHE 92004054490 06/03/2025 61841 59.00 06/03/2025 BOOKS Donation